|
|
|
|
| LEADER |
00941nam a2200289 4500 |
| 001 |
DLU090090528 |
| 005 |
##20090526 |
| 040 |
# |
# |
|a DLU
|b vie
|
| 041 |
# |
# |
|a vie
|
| 044 |
# |
# |
|a vn
|
| 100 |
# |
# |
|a Hoàng Văn Hảo,
|c GS.PTS.
|
| 245 |
# |
# |
|a Tuyên ngôn thế giới về nhân quyền - một văn kiện có tính chất bước ngoặt trong lịch sử nhân quyền quốc tế /
|c Hoàng Văn Hảo, Vũ Công Giao.
|
| 653 |
# |
# |
|a Lịch sử nhân quyền
|
| 653 |
# |
# |
|a Nhân quyền
|
| 653 |
# |
# |
|a Quốc tế
|
| 653 |
# |
# |
|a Tuyên ngôn thế giới
|
| 700 |
# |
# |
|a Vũ Công Giao.
|
| 773 |
# |
# |
|t Nhà nước và pháp luật
|g Số 2, 1999, tr. 8-12
|
| 920 |
# |
# |
|a Phòng Tạp chí -- Trung tâm Thông tin - Thư viện Trường Đại học Đà Lạt
|
| 994 |
# |
# |
|a DLU
|
| 900 |
# |
# |
|a True
|
| 911 |
# |
# |
|a Nguyễn Thị Mai Anh
|
| 925 |
# |
# |
|a G
|
| 926 |
# |
# |
|a A
|
| 927 |
# |
# |
|a BB
|
| 980 |
# |
# |
|a Thư viện Trường Đại học Đà Lạt
|